<?xml version="1.0" encoding="UTF-8"?>
<collection xmlns="http://www.loc.gov/MARC21/slim">
 <record>
  <leader>     na                 </leader>
  <controlfield tag="001">INLIS000000001163927</controlfield>
  <controlfield tag="005">20240506075857</controlfield>
  <datafield tag="035" ind1=" " ind2=" ">
   <subfield code="a">0010-0424000095</subfield>
  </datafield>
  <controlfield tag="007">ta</controlfield>
  <controlfield tag="008">240506                a          1 ind  </controlfield>
  <datafield tag="020" ind1=" " ind2=" ">
   <subfield code="a">978-602-378-324-3</subfield>
  </datafield>
  <datafield tag="082" ind1=" " ind2=" ">
   <subfield code="a">398.2</subfield>
  </datafield>
  <datafield tag="084" ind1=" " ind2=" ">
   <subfield code="a">SR 398.2 AJE d</subfield>
  </datafield>
  <datafield tag="100" ind1="0" ind2=" ">
   <subfield code="a">Ajeng Restiyani</subfield>
   <subfield code="e">penulis</subfield>
  </datafield>
  <datafield tag="245" ind1="1" ind2=" ">
   <subfield code="a">Dongeng sebelum tidur :</subfield>
   <subfield code="b">fabel dunia populer /</subfield>
   <subfield code="c">Ajeng Restiyani; editor, Hayatun Nufus</subfield>
  </datafield>
  <datafield tag="250" ind1=" " ind2=" ">
   <subfield code="a">Cetakan Kedua, 2023</subfield>
  </datafield>
  <datafield tag="300" ind1=" " ind2=" ">
   <subfield code="a">vi, 122 halaman :</subfield>
   <subfield code="b">ilustrasi ;</subfield>
   <subfield code="c">18 cm</subfield>
  </datafield>
  <datafield tag="650" ind1=" " ind2="4">
   <subfield code="a">Dongeng</subfield>
  </datafield>
  <datafield tag="650" ind1=" " ind2="4">
   <subfield code="a">Cerita binatang</subfield>
  </datafield>
  <datafield tag="700" ind1="0" ind2=" ">
   <subfield code="a">Hayatun Nufus</subfield>
   <subfield code="e">editor</subfield>
  </datafield>
  <datafield tag="520" ind1=" " ind2=" ">
   <subfield code="a">Halo teman-teman, melalui kumpulan dongeng fabel ini, mari kita berpetualang mengenal berbagai jenis binatang di Indonesia dan dunia! Mendongeng memiliki segudang manfaat bagi anak juga orang tua. Salah satunya adalah menjadikan bonding antara anak dan orang tua semakin lekat. Selain itu, mendongeng mampu menumbuhkan kreativitas anak-anak.&#13;
Buku ini memuat kumpulan fabel populer dari seluruh dunia yang sarat dengan pesan moral juga dilengkapi pembentukan karakter untuk anak-anak. Disusun dengan bahasa yang sederhana sehingga buku ini mudah dipahami oleh anak dan juga mudah untuk diceritakan kembali oleh orang tua. Ilustrasi dalam buku ini sangat lucu dan penuh warna sehingga membuat kegiatan mendongeng menjadi semakin menyenangkan.&#13;
&#13;
Dalam buku ini, terdapat cerita-cerita menarik yang ditampilkan melalui karakter tokoh-tokoh hewan atau binatang seperti kucing, ayam, kelinci, kura-kura, semut, kancil hingga harimau dan masih banyak lagi. Selain mengenal hewan dan binatang di berbagai belahan dunia, melalui cerita-cerita dalam buku ini kita juga memperoleh hiburan sekaligus mendapatkan banyak pelajaran hidup seperti menjaga persahabatan, saling menghargai dan bersikap baik terhadap semua makhluk hidup.&#13;
&#13;
Buku dongeng fabel ini juga cocok untuk para orang tua dan guru sebagai salah satu alternatif bacaan fiksi dalam mengenalkan budi pekerti baik dan penanaman moral pada anak sejak dini.</subfield>
  </datafield>
  <datafield tag="264" ind1=" " ind2=" ">
   <subfield code="a">Jakarta :</subfield>
   <subfield code="b">Wahyu Media,</subfield>
   <subfield code="c">2023</subfield>
  </datafield>
  <datafield tag="336" ind1=" " ind2=" ">
   <subfield code="2">rdacontent</subfield>
   <subfield code="a">teks</subfield>
  </datafield>
  <datafield tag="337" ind1=" " ind2=" ">
   <subfield code="2">rdamedia</subfield>
   <subfield code="a">tanpa perantara</subfield>
  </datafield>
  <datafield tag="338" ind1=" " ind2=" ">
   <subfield code="2">rdacarrier</subfield>
   <subfield code="a">volume</subfield>
  </datafield>
  <datafield tag="990" ind1=" " ind2=" ">
   <subfield code="a">52776.65596</subfield>
  </datafield>
 </record>
</collection>
